Desarrollo humano profesoral : una experiencia propositiva como aporte a la excelencia académica en la educación superior /

Bibliographic Details
Main Author: Torres Chávez, Ivaldo (Author)
Format: Electronic eBook
Language:Spanish
Published: [Pamplona, Colombia] : Sello Editorial Unipamplona, [2024]
Edition:Primera edición.
Series:Colección Educación (Universidad de Pamplona)
Subjects:
Online Access:Digitalia Hispánica

MARC

LEADER 00000nam a2200000 i 4500
001 DIGUPAMP0062
003 NyNyDIG
007 cr |||||||||||
008 250903s2024 ck ao ob 000 0 spa d
006 m o d
035 |a (OCoLC)1536545957 
040 |a DGITA  |b eng  |e rda  |e pn  |c DGITA 
020 |a 9786287656222  |q (digital) 
024 7 |a 10.24054/seu.7  |2 doi 
043 |a s-ck--- 
050 1 4 |a LE41.P45 ebook 
100 1 |a Torres Chávez, Ivaldo,  |e author. 
245 1 0 |a Desarrollo humano profesoral :  |b una experiencia propositiva como aporte a la excelencia académica en la educación superior /  |c Ivaldo Torres Chávez [and 4 others]. 
250 |a Primera edición. 
264 1 |a [Pamplona, Colombia] :  |b Sello Editorial Unipamplona,  |c [2024] 
300 |a 1 online resource :  |b illustrations, photographs. 
336 |a text  |b txt  |2 rdacontent 
337 |a computer  |b c  |2 rdamedia 
338 |a online resource  |b cr  |2 rdacarrier 
347 |a text file  |2 rdaft 
347 |b PDF 
490 1 |a Colección Educación 
504 |a Includes bibliographical references. 
588 0 |a Online resource; title from PDF title page (Digitalia, viewed September 3, 2025) 
610 2 0 |a Universidad de Pamplona (Pamplona, Norte de Santander, Colombia)  |x Planning. 
650 0 |a College teachers  |x Training of. 
791 2 |a Digitalia (Firm),  |e distributor. 
793 0 |g Digitalia eBook Collection:  |a Universidad de Pamplona 
830 0 |a Colección Educación (Universidad de Pamplona) 
856 4 0 |3 Digitalia Hispánica  |u https://www.digitaliapublishing.com/a/175710/ 
910 |a Premium collection: 2025